A lenda do galo de Barcelos (Record no. 45695)

MARC details
000 -Etiqueta do registo
Valores 00557nam a2200217 4500
010 ## - Número ISBN
ISBN 9726107199
100 ## - Dados gerais de processamento
Dados gerais 20080114d2007 bc y0pory5003 ba
101 0# - Língua de publicação
Língua por
102 ## - País de publicação
País PT
200 1# - Titulo e menção de responsabilidade
Título próprio A lenda do galo de Barcelos
Primeira menção de responsabilidade Maria José Meireles
Outras menções de responsabilidade il. Joana Quental
205 ## - Menção da edição
Edição 1.ª ed.
210 ## - Publicação
Local de publicação Porto
Nome do editor Campo das Letras
Data de publicação 2007
215 ## - Descrição física 
Paginação / Volumes [25] f.
Outras indicações físicas il
225 2# - Colecção 
Título próprio da colecção O sol e a lua
675 ## - CDU
Notação 087.5
Edição BN
Língua por
700 #1 - Autor principal
Apelido Meireles
Nome Maria José
702 #1 - Autor secundário
Apelido Quental
Nome Joana
Função 440
801 #0 - Fonte de origem
País PT
Agência ESEC
Regras de catalogação RPC
990 ## - Elementos KOHA
Tipo de documento Livro
Holdings
Aquisição Empréstimo Código de barras Cota Permissão de empréstimo Tipo de documento
Biblioteca do Centro Escolar de Montoito Biblioteca do Centro Escolar de Montoito 82331 82-93 MEI LIT. INF. JUV.   Livro

Powered by Koha